000 00898nam a22002657i 4500
003 DO-SdBNP
005 20250312125556.0
007 ta
008 240410b2023 dr ac||| |||| 00| 0 spa d
020 _a9789945223293
040 _aDO-SdBNP
_bspa
_cBNPHU
_erda
041 _aspa
082 4 _222
100 _aFernández, Papo
_d1963-
_eautor
_4aut.
_972877
245 1 0 _aDe mi libro azul /
_cPapo Fernández.
264 4 _aSanto Domingo :
_bEditora Búho,
_bAsociaón de Dominicana Profesores,
_c©2023,
300 _a110 páginas :
_bilustraciones, retratos ;
_c23 cm.
336 _atexto
_btxt
_2rdacontent
337 _asin mediación
_bn
_2rdamedia
338 _avolumen
_bnc
_2rdacarrier
500 _aIncluye datos biográficos de la autora en las solapas
590 _aInventariado, 2024 /LP
590 _aLa biblioteca posee 1 ejemplar autografiado por el autor
942 _2ddc
_cLBS1
999 _c56322
_d56322